Интеграция авторитетной базы даннных "Медики России" в электронный каталог НМБ СибГМУ; Научные и технические библиотеки; № 7

מידע ביבליוגרפי
Parent link:Научные и технические библиотеки: ежемесячный сборник по вопросам теории и практики библиотечного дела/ Государственная публичная научно-техническая библиотека России.— , 1994-.— 0130-9765
№ 7.— 2006.— С. 52-56
מחברים אחרים: Мешечак Н. А. Наталья Александровна, Колобов О. С. Олег Сергеевич, Шамардина Л. А. Любовь Александровна, Карауш А. С. Алесандр Сергеевич
שפה:רוסית
יצא לאור: 2006
נושאים:
פורמט: Book Chapter
KOHA link:https://koha.lib.tpu.ru/cgi-bin/koha/opac-detail.pl?biblionumber=401979

MARC

LEADER 00000naa2a2200000 4500
001 401979
005 20231101065640.0
035 |a (RuTPU)RU\TPU\prd\46526 
035 |a RU\TPU\prd\46525 
090 |a 401979 
100 |a 20060929a2006 k y0rusy50 ca 
101 0 |a rus 
102 |a RU 
200 1 |a Интеграция авторитетной базы даннных "Медики России" в электронный каталог НМБ СибГМУ  |f Н. А. Мешечак [и др.] 
320 |a Библиогр.: 8 назв. 
461 0 |0 (RuTPU)RU\TPU\prd\1594  |x 0130-9765  |t Научные и технические библиотеки  |o ежемесячный сборник по вопросам теории и практики библиотечного дела  |f Государственная публичная научно-техническая библиотека России  |d 1994- 
463 0 |0 (RuTPU)RU\TPU\prd\46472  |t № 7  |v С. 52-56  |d 2006 
610 1 |a вузовские библиотеки 
610 1 |a авторитетные БД 
610 1 |a Научно-медицинская библиотека СибГМУ 
610 1 |a опыт работы 
701 1 |a Мешечак  |b Н. А.  |g Наталья Александровна 
701 1 |a Колобов  |b О. С.  |g Олег Сергеевич 
701 1 |a Шамардина  |b Л. А.  |g Любовь Александровна 
701 1 |a Карауш  |b А. С.  |g Алесандр Сергеевич 
801 1 |a RU  |b 63413507  |c 20060929  |g PSBO 
801 2 |a RU  |b 63413507  |c 20060929  |g PSBO 
942 |c BK